<?xml version="1.0" encoding="UTF-8"?>
<record
    xmlns:xsi="http://www.w3.org/2001/XMLSchema-instance"
    xsi:schemaLocation="http://www.loc.gov/MARC21/slim http://www.loc.gov/standards/marcxml/schema/MARC21slim.xsd"
    xmlns="http://www.loc.gov/MARC21/slim">

  <leader>00707nam a22001577a 4500</leader>
  <controlfield tag="003">OSt</controlfield>
  <controlfield tag="005">20160226101056.0</controlfield>
  <controlfield tag="008">160226b        xxu||||| |||| 00| 0 eng d</controlfield>
  <datafield tag="040" ind1=" " ind2=" ">
    <subfield code="c">RUA</subfield>
  </datafield>
  <datafield tag="082" ind1=" " ind2=" ">
    <subfield code="a">AGR SON 2014 B433 Or.1</subfield>
  </datafield>
  <datafield tag="100" ind1=" " ind2=" ">
    <subfield code="9">7528</subfield>
    <subfield code="a">SONG SAMNANG ; &#x179F;&#x17BB;&#x1784; &#x179F;&#x17C6;&#x178E;&#x17B6;&#x1784;</subfield>
  </datafield>
  <datafield tag="245" ind1=" " ind2=" ">
    <subfield code="a">Effect of times of irrigated nutrient solution on tomato growth by fertigation system , &#x17A5;&#x1791;&#x17D2;&#x1792;&#x17B7;&#x1796;&#x179B;&#x1785;&#x17C6;&#x1793;&#x17BD;&#x1793;&#x178A;&#x1784;&#x1793;&#x17C3;&#x1780;&#x17B6;&#x179A;&#x179F;&#x17D2;&#x179A;&#x17C4;&#x1785;&#x179F;&#x17D2;&#x179A;&#x1796;&#x179F;&#x17BC;&#x179B;&#x17BB;&#x1799;&#x179F;&#x17D2;&#x1799;&#x17BB;&#x1784;&#x1787;&#x17B8;&#x179B;&#x17BE;&#x178A;&#x17C6;&#x178E;&#x17B6;&#x17C6;&#x1794;&#x17C9;&#x17C1;&#x1784;&#x1794;&#x17C9;&#x17C4;&#x17C7;&#x178A;&#x17C6;&#x17B6;&#x178F;&#x17B6;&#x1798;&#x1794;&#x17D2;&#x179A;&#x1796;&#x17D0;&#x1793;&#x17D2;&#x1792;&#x178A;&#x17C6;&#x178E;&#x1780;&#x17CB;&#x1787;&#x17B8;</subfield>
  </datafield>
  <datafield tag="260" ind1=" " ind2=" ">
    <subfield code="a">Phnom Penh</subfield>
    <subfield code="b">RUA</subfield>
    <subfield code="c">2014</subfield>
  </datafield>
  <datafield tag="300" ind1=" " ind2=" ">
    <subfield code="a">xi ;55p.</subfield>
    <subfield code="b">ill.</subfield>
    <subfield code="c">29cm.</subfield>
  </datafield>
  <datafield tag="942" ind1=" " ind2=" ">
    <subfield code="2">ddc</subfield>
    <subfield code="c">AGR</subfield>
  </datafield>
  <datafield tag="999" ind1=" " ind2=" ">
    <subfield code="c">7119</subfield>
    <subfield code="d">7119</subfield>
  </datafield>
  <datafield tag="952" ind1=" " ind2=" ">
    <subfield code="0">0</subfield>
    <subfield code="1">0</subfield>
    <subfield code="2">ddc</subfield>
    <subfield code="4">0</subfield>
    <subfield code="6">AGR_SON_2014_000000000000000_B433_OR_1</subfield>
    <subfield code="7">0</subfield>
    <subfield code="9">41605</subfield>
    <subfield code="a">LBB</subfield>
    <subfield code="b">LBB</subfield>
    <subfield code="c">B433</subfield>
    <subfield code="d">2016-02-26</subfield>
    <subfield code="l">1</subfield>
    <subfield code="o">AGR SON 2014 B433 Or.1</subfield>
    <subfield code="p">RUA053843</subfield>
    <subfield code="r">2020-08-10</subfield>
    <subfield code="s">2020-07-27</subfield>
    <subfield code="w">2016-02-26</subfield>
    <subfield code="y">AGR</subfield>
  </datafield>
  <datafield tag="952" ind1=" " ind2=" ">
    <subfield code="0">0</subfield>
    <subfield code="1">0</subfield>
    <subfield code="2">ddc</subfield>
    <subfield code="4">0</subfield>
    <subfield code="6">AGR_SON_2014_000000000000000_B433_OR_2</subfield>
    <subfield code="7">0</subfield>
    <subfield code="9">41606</subfield>
    <subfield code="a">LBB</subfield>
    <subfield code="b">LBB</subfield>
    <subfield code="c">B433</subfield>
    <subfield code="d">2016-02-26</subfield>
    <subfield code="l">2</subfield>
    <subfield code="o">AGR SON 2014 B433 Or.2</subfield>
    <subfield code="p">RUA53855</subfield>
    <subfield code="r">2016-06-21</subfield>
    <subfield code="s">2016-06-02</subfield>
    <subfield code="w">2016-02-26</subfield>
    <subfield code="y">AGR</subfield>
  </datafield>
  <datafield tag="952" ind1=" " ind2=" ">
    <subfield code="0">0</subfield>
    <subfield code="1">0</subfield>
    <subfield code="2">ddc</subfield>
    <subfield code="4">0</subfield>
    <subfield code="6">AGR_SON_2014_000000000000000_B433_OR_3</subfield>
    <subfield code="7">0</subfield>
    <subfield code="9">41607</subfield>
    <subfield code="a">LBB</subfield>
    <subfield code="b">LBB</subfield>
    <subfield code="c">B433</subfield>
    <subfield code="d">2016-02-26</subfield>
    <subfield code="l">3</subfield>
    <subfield code="o">AGR SON 2014 B433 Or.3</subfield>
    <subfield code="p">RUA53857</subfield>
    <subfield code="r">2021-02-05</subfield>
    <subfield code="s">2021-01-18</subfield>
    <subfield code="w">2016-02-26</subfield>
    <subfield code="y">AGR</subfield>
  </datafield>
  <datafield tag="952" ind1=" " ind2=" ">
    <subfield code="0">0</subfield>
    <subfield code="1">0</subfield>
    <subfield code="2">ddc</subfield>
    <subfield code="4">0</subfield>
    <subfield code="6">AGR_SON_2014_000000000000000_B433_OR_4</subfield>
    <subfield code="7">0</subfield>
    <subfield code="9">41608</subfield>
    <subfield code="a">LBB</subfield>
    <subfield code="b">LBB</subfield>
    <subfield code="c">B433</subfield>
    <subfield code="d">2016-02-26</subfield>
    <subfield code="l">3</subfield>
    <subfield code="o">AGR SON 2014 B433 Or.4</subfield>
    <subfield code="p">RUA053845</subfield>
    <subfield code="r">2021-04-05</subfield>
    <subfield code="s">2020-12-01</subfield>
    <subfield code="w">2016-02-26</subfield>
    <subfield code="y">AGR</subfield>
  </datafield>
  <datafield tag="952" ind1=" " ind2=" ">
    <subfield code="0">0</subfield>
    <subfield code="1">0</subfield>
    <subfield code="2">ddc</subfield>
    <subfield code="4">0</subfield>
    <subfield code="6">AGR_SON_2014_000000000000000_B433_OR_5</subfield>
    <subfield code="7">0</subfield>
    <subfield code="9">41609</subfield>
    <subfield code="a">LBB</subfield>
    <subfield code="b">LBB</subfield>
    <subfield code="c">B433</subfield>
    <subfield code="d">2016-02-26</subfield>
    <subfield code="l">1</subfield>
    <subfield code="o">AGR SON 2014 B433 Or.5</subfield>
    <subfield code="p">RUA052392</subfield>
    <subfield code="r">2019-07-19</subfield>
    <subfield code="s">2019-07-12</subfield>
    <subfield code="w">2016-02-26</subfield>
    <subfield code="y">AGR</subfield>
  </datafield>
  <datafield tag="952" ind1=" " ind2=" ">
    <subfield code="0">0</subfield>
    <subfield code="1">0</subfield>
    <subfield code="2">ddc</subfield>
    <subfield code="4">0</subfield>
    <subfield code="6">AGR_SON_2014_000000000000000_B433_OR_6</subfield>
    <subfield code="7">0</subfield>
    <subfield code="9">41610</subfield>
    <subfield code="a">LBB</subfield>
    <subfield code="b">LBB</subfield>
    <subfield code="c">B433</subfield>
    <subfield code="d">2016-02-26</subfield>
    <subfield code="l">3</subfield>
    <subfield code="o">AGR SON 2014 B433 Or.6</subfield>
    <subfield code="p">RUA053647</subfield>
    <subfield code="r">2019-08-05</subfield>
    <subfield code="s">2019-07-08</subfield>
    <subfield code="w">2016-02-26</subfield>
    <subfield code="y">AGR</subfield>
  </datafield>
  <datafield tag="952" ind1=" " ind2=" ">
    <subfield code="0">0</subfield>
    <subfield code="1">0</subfield>
    <subfield code="2">ddc</subfield>
    <subfield code="4">0</subfield>
    <subfield code="6">AGR_SON_2014_000000000000000_B433_OR_7</subfield>
    <subfield code="7">0</subfield>
    <subfield code="9">41611</subfield>
    <subfield code="a">LBB</subfield>
    <subfield code="b">LBB</subfield>
    <subfield code="c">B433</subfield>
    <subfield code="d">2016-02-26</subfield>
    <subfield code="l">1</subfield>
    <subfield code="o">AGR SON 2014 B433 Or.7</subfield>
    <subfield code="p">RUA053662</subfield>
    <subfield code="r">2021-11-05</subfield>
    <subfield code="s">2021-07-28</subfield>
    <subfield code="w">2016-02-26</subfield>
    <subfield code="y">AGR</subfield>
  </datafield>
  <datafield tag="952" ind1=" " ind2=" ">
    <subfield code="0">0</subfield>
    <subfield code="1">0</subfield>
    <subfield code="2">ddc</subfield>
    <subfield code="4">0</subfield>
    <subfield code="6">AGR_SON_2014_000000000000000_B433_OR_8</subfield>
    <subfield code="7">0</subfield>
    <subfield code="9">41612</subfield>
    <subfield code="a">LBB</subfield>
    <subfield code="b">LBB</subfield>
    <subfield code="c">B433</subfield>
    <subfield code="d">2016-02-26</subfield>
    <subfield code="l">2</subfield>
    <subfield code="o">AGR SON 2014 B433 Or.8</subfield>
    <subfield code="p">RUA053767</subfield>
    <subfield code="r">2018-10-01</subfield>
    <subfield code="s">2018-09-28</subfield>
    <subfield code="w">2016-02-26</subfield>
    <subfield code="y">AGR</subfield>
  </datafield>
  <datafield tag="952" ind1=" " ind2=" ">
    <subfield code="0">0</subfield>
    <subfield code="1">0</subfield>
    <subfield code="2">ddc</subfield>
    <subfield code="4">0</subfield>
    <subfield code="6">AGR_SON_2014_000000000000000_B043_OR_1</subfield>
    <subfield code="7">0</subfield>
    <subfield code="9">88088</subfield>
    <subfield code="a">LBB</subfield>
    <subfield code="b">LBB</subfield>
    <subfield code="c">B043</subfield>
    <subfield code="d">2021-12-14</subfield>
    <subfield code="l">1</subfield>
    <subfield code="o">AGR SON 2014 B043  Or.1</subfield>
    <subfield code="p">A065570</subfield>
    <subfield code="r">2022-03-30</subfield>
    <subfield code="s">2022-03-21</subfield>
    <subfield code="w">2021-12-14</subfield>
    <subfield code="y">AGR</subfield>
  </datafield>
  <datafield tag="952" ind1=" " ind2=" ">
    <subfield code="0">0</subfield>
    <subfield code="1">0</subfield>
    <subfield code="2">ddc</subfield>
    <subfield code="4">0</subfield>
    <subfield code="6">AGR_SON_2014_000000000000000_B676_OR_1</subfield>
    <subfield code="7">0</subfield>
    <subfield code="9">88089</subfield>
    <subfield code="a">LBB</subfield>
    <subfield code="b">LBB</subfield>
    <subfield code="c">B676</subfield>
    <subfield code="d">2021-12-14</subfield>
    <subfield code="o">AGR SON 2014 B676 Or.1</subfield>
    <subfield code="p">A068045</subfield>
    <subfield code="r">2021-12-14</subfield>
    <subfield code="w">2021-12-14</subfield>
    <subfield code="y">AGR</subfield>
  </datafield>
</record>
